000 00602nam a2200181Ia 4500
008 151018s9999 xx 000 0 und d
082 _bRBASDV28253
_a891.463
100 _aलालू दुर्वे
245 _aकाँल आँफ द टायगर
250 _b1
260 _bआरती प्रकाशन ठाणे
_c1997
300 _a189
600 _aलालू दुर्वे
630 _aकाँल आँफ द टायगर
700 _aलालू दुर्वे
730 _aकाँल आँफ द टायगर
942 _cBOOK
999 _c1027835
_d1027832